Draft world wide study of the petrochemical industry : 1975-2000 /

Guardado en:
Autor Corporativo: International Centre for Industrial Studies. Sectoral Studies Section.
Formato: Libro
Idioma:English
Publicado: [s.l.] : UNIDO, 1978.
Materias:
Etiquetas: Agregar Etiqueta
Sin Etiquetas, Sea el primero en etiquetar este registro!
LEADER 00824nam a22002055a 4500
001 EIQ.libpla002757
008 070815s1978####xx############000#0#eng#d
005 20071226194534.0
245 1 0 |a Draft world wide study of the petrochemical industry :  |b 1975-2000 /  |c prepared by the Sectoral Studies Section, International Centre for Industrial Studies. 
260 |a [s.l.] :  |b UNIDO,  |c 1978. 
300 |a 255 p. ;  |c 29 cm. 
500 |a "UNIDO/ICIS.83. 
500 |a "12 December 1978". 
650 4 |a Economía  |x Industria petroquímica. 
650 4 |a Economía  |x Estadística. 
650 4 |a Economy  |x Statistic. 
650 4 |a Economy  |x Petroleum chemical industries. 
040 |a AR-BbSID  |b spa  |c AR-BbSID 
110 2 |a International Centre for Industrial Studies.  |b Sectoral Studies Section. 
859 |a AR-BbSID  |b BIB. PLAPIQUI  |h 338.09  |i N 113  |p 1585